| 000 | 00432cam a22001331 4500 | ||
|---|---|---|---|
| 050 | 0 | 0 |
_aQD185 _b.E46 |
| 100 | 1 | _aElliott, Arthur | |
| 245 | 1 | 0 |
_aLaboratory instruments : _btheir design and application / _cby A. Elliott and J. Home Dickson. |
| 260 |
_aLondon [UK] : _bChapman & Hall Ltd., _cc1951. |
||
| 300 | _a414 p. | ||
| 500 | _aincludes index | ||
| 650 |
_bOptical instruments ; _bScientific apparatus and instruments |
||
| 942 | _cGEN | ||
| 999 |
_c2580 _d2580 |
||